| 000 | 00307nam a22001097a 4500 | ||
|---|---|---|---|
| 008 | 160614b xxu||||| |||| 00| 0 eng d | ||
| 020 | _a9788131725825 | ||
| 082 |
_27th Edition _a005.1 _bLIA7975 |
||
| 100 |
_91 _aLiang, Daniel |
||
| 245 |
_aIntroduction to JAVA Programming _bBrief Version |
||
| 260 |
_aNew Delhi _bPearson |
||
| 999 |
_c001 _d1 |
||